Handbook of wisdom: psychological perspectives (Record no. 4675)
[ view plain ]
| 000 -LEADER | |
|---|---|
| fixed length control field | 00473nam a2200181Ia 4500 |
| 020 ## - INTERNATIONAL STANDARD BOOK NUMBER | |
| ISBN | 0-521-54182-4 |
| 082 ## - DEWEY DECIMAL CLASSIFICATION NUMBER | |
| Classification number | 150.1 HAN- |
| 245 #0 - TITLE STATEMENT | |
| Title | Handbook of wisdom: psychological perspectives |
| 260 ## - PUBLICATION, DISTRIBUTION, ETC. (IMPRINT) | |
| Place of publication | Cambridge |
| Name of publisher | Cambridge University Press |
| Year of publication | 2005 |
| 300 ## - PHYSICAL DESCRIPTION | |
| Number of Pages | xvii, 387 |
| 504 ## - BIBLIOGRAPHY, ETC. NOTE | |
| Bibliography, etc | includes index |
| 650 ## - SUBJECT ADDED ENTRY--TOPICAL TERM | |
| Topical Term | Wisdom |
| 650 ## - SUBJECT ADDED ENTRY--TOPICAL TERM | |
| Topical Term | Conduct of life |
| 650 ## - SUBJECT ADDED ENTRY--TOPICAL TERM | |
| Topical Term | Psychology |
| Form subdivision | Philosophy |
| 700 ## - ADDED ENTRY--PERSONAL NAME | |
| Personal name | Sternberg, Robert J. |
| 700 ## - ADDED ENTRY--PERSONAL NAME | |
| Personal name | Jordan, Jennifer |
| 942 ## - ADDED ENTRY ELEMENTS (KOHA) | |
| Koha item type | Books |
| Withdrawn status | Lost status | Damaged status | Not for loan | Home library | Current library | Date acquired | Source of acquisition | Bill Date | Full call number | Accession Number | Price effective from | Koha item type |
|---|---|---|---|---|---|---|---|---|---|---|---|---|
| NASSDOC Library | NASSDOC Library | 27/02/2006 | IBD | 2006-01-04 | 150.1 HAN- | 41397 | 18/04/2019 | Books |
